00465nam a2200133Ia 4500008004100000100001300041245015500054245003000209260004600239260001200285300000900297500001200306650001300318170224s9999 xx 000 0 und d aWan Yang 4aThe Impact of Status Seeking on Consumers’ Word of Mouth and Product Preference—A Comparison Between Luxury Hospitality Services and Luxury Goods  cWan Yang, Anna S. Mattila bJournal of Hospitality & Tourism Research cJanuary a41:1 aJanuary xTourism.